000
00314nam a22001337a 4500
008
180918b xxu||||| |||| 00| 0 eng d
020
_a
2800784400069
041
_a
eng
080
_a
621
100
_a
26
101
_a
ENG
245
_a
Indruction To Cold Regions Engineering
_c
Freitag d,r
942
_2
udc
_c
BK
999
_c
47897
_d
47897